| 000 | 00422nam a2200121Ia 4500 | ||
|---|---|---|---|
| 008 | 220620s9999||||xx |||||||||||||| ||und|| | ||
| 245 | 0 |
_aMental Disorders _bTheoretical and Empirical Perspectives |
|
| 546 | _aEnglish[eng] | ||
| 650 | _aNeurology & clinical neurophysiology | ||
| 700 | _aWoolfolk, Robert||Allen, Lesley | ||
| 856 | _uhttps://mts.intechopen.com/storage/books/3377/authors_book/authors_book.pdf | ||
| 942 | _cEB | ||
| 999 |
_c26699 _d26699 |
||